000 00999na a2200289 4500
001 24245
003 MIRAKIL
005 20181213155330.0
008 180829b tu 000 0
020 _a9789751631909
040 _aMilas
_btur
_cTR-AnCHP
041 _atur
082 _a327.956103
_bK77t 2016
090 _a327.956103 K77t 2016
100 _aKöse, İsmail
245 _aTürk-Amerikan ilişkilerinin şekillenmesinde Amiral Mark L. Bristol'un rolü (1919-1927)
_cİsmail Köse
260 _aAnkara
_bTürk Tarih Kurumu
_c2016
300 _aXXVİ, 603 s.
_bhrt. , grf.
_c24 sm.
440 _aAKDTYK Türk Tarih Kurumu yayınları
_vIV/A-2-3.1. dizi- sayı 4
504 _aKaynakça ve dizin var
600 _aBristol, Mark Lambert
_cAmiral
_d1868-1939
650 _aLozan konferansı
_y1922-1923
650 _aTürkiye
_xABD
_xDış ilişkiler
_y20.yy
650 _aTürkiye
_xilişkiler
_xABD
_y1922-1924
650 _aTürkiye
_xilişkiler
_xABD
_y1917-1922
942 _2dcc
_cBKS
999 _c10667
_d10667